| 000 | 00966cab a2200277 4500 | ||
|---|---|---|---|
| 001 | WB3005-45 | ||
| 008 | 090401t1994 xxu||||| |||| 00| 0 eng d | ||
| 035 | _a(Sirsi) u62325 | ||
| 041 | _aeng | ||
| 245 | _aDifficulties facing forestry sell-off | ||
| 260 | _c1994 | ||
| 350 | _a0 | ||
| 490 |
_aDaily Telegraph _v31 January 1994, 6(1) |
||
| 520 | _aTwo reports reveal difficulties in privatisation plans for the Forestry Commission. A review of public access on land sold by the Commission since 1991 shows that protection of access is hard to achieve ; a second report predicts a high cost for paying the private sector to manage forests. | ||
| 650 | _aACCESS AGREEMENTS | ||
| 650 | _aACCESS | ||
| 650 | _aENVIRONMENTAL RESOURCES MANAGEMENT | ||
| 650 | _aFORESTRY COMMISSION | ||
| 650 | _aLANDOWNERS | ||
| 650 | _aPRIVATISATION | ||
| 650 | _aPUBLIC ACCESS | ||
| 650 | _aSWEDEN | ||
| 690 | _aRURAL PRACTICE | ||
| 942 | _n0 | ||
| 948 | _c04/03/1997 | ||
| 999 |
_c38735 _d38735 |
||